000 00290nam a22001337a 4500
008 170608b xxu||||| |||| 00| 0 eng d
020 _a9780871879370
041 _aeng
080 _a324
100 _a18
101 _aSHP
245 _aTHE ELECTIONS OF 1992
_cNELSON, M
942 _2udc
_cBK
999 _c16515
_d16515